6th Man of the Year - Statistics

General Stats
  • This quiz has been taken 2 times
  • The average score is 6 of 41
Answer Stats
Hint Answer % Correct
1986 Bill Walton
100%
1991 Detlef Schrempf
50%
1992 Detlef Schrempf
50%
2012 James Harden
50%
2013 J.R Smith
50%
1984 Kevin McHale
50%
1985 Kevin McHale
50%
2023 Malcolm Brogdon
50%
1987 Ricky Pierce
50%
1990 Ricky Pierce
50%
2001 Aaron McKie
0%
2004 Antawn Jamison
0%
1995 Anthony Mason
0%
2005 Ben Gordon
0%
2003 Bobby Jackson
0%
1983 Bobby Jones
0%
1993 Clifford Robinson
0%
2002 Corliss Williamson
0%
1999 Daniel Armstrong
0%
1998 Danny Manning
0%
1994 Dell Curry
0%
1989 Eddie Johnson
0%
2017 Eric Gordon
0%
2010 Jamal Crawford
0%
2014 Jamal Crawford
0%
2016 Jamal Crawford
0%
2009 Jason Terry
0%
1997 John Starks
0%
2021 Jordan Clarkson
0%
2011 Lamar Odom
0%
2007 Leandro Barbosa
0%
2015 Lou Williams
0%
2018 Lou Williams
0%
2019 Lou Williams
0%
2008 Manu Ginobili
0%
2006 Mike Miller
0%
2020 Montrezl Harrell
0%
2000 Rodney Rodgers
0%
1988 Roy Tarpley
0%
1996 Toni Kukoc
0%
2022 Tyler Herro
0%
No matching quizzes found
Score Distribution
Percent of People with Each Score
Percentile by Number Answered
Your Score History
You have not taken this quiz